|
|
|
|
| LEADER |
00000nam0a2200000 4500 |
| 001 |
114680 |
| 005 |
20231101215216.0 |
| 035 |
|
|
|a (RuTPU)RU\TPU\book\124026
|
| 090 |
|
|
|a 114680
|
| 100 |
|
|
|a 20070425d1981 k y0rusy50 ca
|
| 101 |
0 |
|
|a rus
|
| 102 |
|
|
|a BY
|
| 105 |
|
|
|a a z 001zy
|
| 200 |
1 |
|
|a Торф - сырье для химической переработки (физико-технические основы)
|f Ф. С. Яцевич
|g Академия наук Белорусской ССР (АН БССР), Институт торфа (ИТ)
|
| 210 |
|
|
|a Минск
|c Наука и техника
|d 1981
|
| 215 |
|
|
|a 136 с.
|c ил.
|
| 320 |
|
|
|a Библиогр.: с. 130-134
|
| 606 |
|
|
|a Торф
|x Химическая переработка
|2 stltpush
|3 (RuTPU)RU\TPU\subj\33189
|9 55498
|
| 610 |
1 |
|
|a запасы
|
| 610 |
1 |
|
|a характеристики
|
| 610 |
1 |
|
|a продукты
|
| 610 |
1 |
|
|a добыча
|
| 610 |
1 |
|
|a сорбенты
|
| 610 |
1 |
|
|a воск
|
| 610 |
1 |
|
|a производство
|
| 610 |
1 |
|
|a качество
|
| 610 |
1 |
|
|a улучшение
|
| 675 |
|
|
|a 662.73
|v 3
|
| 700 |
|
1 |
|a Яцевич
|b Ф. С.
|g Флориан Степанович
|
| 712 |
0 |
2 |
|a Академия наук Белорусской ССР (АН БССР)
|b Институт торфа (ИТ)
|c (Минск)
|c (1932-1990)
|2 stltpush
|3 (RuTPU)RU\TPU\col\11584
|
| 801 |
|
1 |
|a RU
|b 63413507
|c 20070425
|g PSBO
|
| 801 |
|
2 |
|a RU
|b 63413507
|c 20180912
|g PSBO
|
| 942 |
|
|
|c BK
|